| 000 | 01299nam a22002177a 4500 | ||
|---|---|---|---|
| 999 |
_c5116 _d5116 |
||
| 003 | OSt | ||
| 005 | 20250625082809.0 | ||
| 008 | 250625b ||||| |||| 00| 0 eng d | ||
| 020 | _a9781780226385 | ||
| 040 | _cKH8 | ||
| 082 | _a932 DEA | ||
| 100 |
_aDeary, Terry, _eauthor. |
||
| 245 |
_aDangerous Days in Ancient Egypt / _cTerry Deary. |
||
| 260 |
_aUnited Kingdom ; _bWeidenfeld & Nicolson , _c2017. |
||
| 300 |
_a286 pages : _billustrations ; _c20 cm. |
||
| 500 | _aIncludes index | ||
| 520 | _aAncient Egypt should be deader than most of our yesterdays. After all it was at its height 5,000 years ago. Yet we still marvel at its mummies and ponder over its pyramids. It's easy to forget these people once lived and laughed, loved and breathed ... though not for very long. These were dangerous days for princes and peasants alike. In Ancient Egypt - a world of wars and woes, poverty and plagues - life was short. Forty was a good age to reach. A pharaoh who was eaten by a hippo ended up as dead as a ditch-digger stung by a scorpion. Unwrap the bandages and you'll find that the Egyptians' bizarre adventures in life were every bit as fascinating as the monuments they left to their deaths. | ||
| 650 | _ahistory of ancient egypt | ||
| 650 |
_ahistory _vnon-fiction |
||
| 942 |
_2ddc _cNFIC |
||